Deutsche Kennzeichen mit einem Buchstaben - Statistiken

Allgemein
  • Dieses Quiz wurde 553 mal gespielt
    345 seit der letzten Aktualisierung
  • Das Durchschnittsergebnis liegt bei 15 aus 21
Antwortstatistiken
Buchstabe Antwort % Korrekt
B Berlin
97%
M München
96%
E Essen
92%
D Düsseldorf
91%
F Frankfurt
91%
K Köln
91%
N Nürnberg
88%
A Augsburg
86%
H Hannover
85%
S Stuttgart
82%
C Chemnitz
80%
J Jena
77%
P Potsdam
77%
L Leipzig
74%
R Regensburg
71%
G Gera
56%
Z Zwickau
53%
W Wuppertal
50%
Y Bundeswehr
36%
V Vogtlandkreis
17%
X NATO
13%
Keine übereinstimmenden Quizze gefunden
Verteilung der Resultate
Anzahl Personen mit jedem Resultat
Perzentil nach korrekt beantworteten Fragen
Ihre Resultats-Entwicklung
Sie haben dieses Quiz seit der letzten Aktualisierung nicht gespielt